Los desafíos de la construcción de la paz en Guatemala /
Salvato in:
| Autore principale: | |
|---|---|
| Natura: | testo |
| Soggetti: | |
| Tags: |
Aggiungi Tag
Nessun Tag, puoi essere il primo ad aggiungerne!!
|
MARC
| LEADER | 00000 a a2200000 04500 | ||
|---|---|---|---|
| 001 | 45500 | ||
| 003 | |||
| 040 | |a CRAI/IIS |c CRAI/IIS | ||
| 090 | |a REV0780 (36)1998 | ||
| 100 | |a Zepeda López, Raúl | ||
| 245 | |a Los desafíos de la construcción de la paz en Guatemala / |c Raúl Zepeda López; Jorge Ruano; Roberto Andreu Girón | ||
| 650 | |a PAZ | ||
| 650 | |a MANTENIMIENTO DE LA PAZ | ||
| 650 | |a POLITICA SOCIAL | ||
| 773 | |g número36, IV Epoca (1998), páginas 25-34 | ||
| 999 | |c 18193 |d 18193 | ||
